00609nam a2200217Ia 4500008004100000020001800041041000800059082001600067100001800083245003000101250000700131260003400138300000800172365001200180650001100192650001800203700001900221942001200240999001900252952012000271140306s9999 xx 000 0 und d a81 225 0004 8 aeng a301bVID/IN aSachdeva, D R aIntroduction to sociology a32 aAllahabadbKitab Mahalc 2000 a900 bRs .175 afamily aSocial system aVidya, Bhushan 2ddccBK c185819d185819 00102ddc4070aKAUCBVbKAUCBVd2004-11-03g175.00l5o301 VID/INr2019-02-05 00:00:00s2019-01-11w2014-03-22yBK